000
00316nam a2200133Ia 4500
008
231017s9999 xx 000 0 und d
082
_a
388.114
082
_b
CFI
245
0
_a
Cfit World Review of Road Pricing Phase 1 Lessons for UK
245
0
_c
UK Dept
260
_b
UK Dept
300
_c
30cm
942
_c
REP
999
_c
604282
_d
604282